000 00693cab a2200241 4500
001 WB3238-37
008 090401t1996 xxu||||| |||| 00| 0 eng d
035 _a(Sirsi) u20630
041 _aeng
245 _aGoodbye to leasehold?
260 _c1996
350 _a0
490 _aSunday Times
_v6 October 1996, 5.18(1)
520 _aDiscusses the likely impact of the Commonhold Bill on the system of property tenue in England and Wales particularly multiple occupancy sites.
650 _aCOMMNONHOLD
650 _aCOMMONHOLD BILL
650 _aFLATS
650 _aLEASEHOLD TENUE
650 _aRESIDENTIAL PROPERTY
_96266
690 _aLAW
942 _n0
948 _c04/03/1997
999 _c13819
_d13819